Modern physics / (Record no. 184476)

000 -LEADER
fixed length control field 00632 a2200205 4500
003 - CONTROL NUMBER IDENTIFIER
control field Nust
005 - DATE AND TIME OF LATEST TRANSACTION
control field 20221202103221.0
010 ## - LIBRARY OF CONGRESS CONTROL NUMBER
LC control number 77085725
020 ## - INTERNATIONAL STANDARD BOOK NUMBER
International Standard Book Number 0879010886
040 ## - CATALOGING SOURCE
Transcribing agency Nust
082 00 - DEWEY DECIMAL CLASSIFICATION NUMBER
Classification number 539,TIP
100 1# - MAIN ENTRY--PERSONAL NAME
Personal name Tipler, Paul Allen,
9 (RLIN) 103975
245 10 - TITLE STATEMENT
Title Modern physics /
Statement of responsibility, etc. Paul A. Tipler.
260 ## - PUBLICATION, DISTRIBUTION, ETC.
Place of publication, distribution, etc. New York :
Name of publisher, distributor, etc. Worth Publishers,
Date of publication, distribution, etc. 1978.
300 ## - PHYSICAL DESCRIPTION
Extent xiii, 502 p. :
Other physical details ill. ;
Dimensions 27 cm.
500 ## - GENERAL NOTE
General note Published in 1969 under title: Foundations of modern physics.
505 ## - FORMATTED CONTENTS NOTE
Formatted contents note Introduction To Relativity And Quantum Physics (Page-1), Applications (Page-285).
650 #0 - SUBJECT ADDED ENTRY--TOPICAL TERM
Topical term or geographic name entry element Physics.
942 ## - ADDED ENTRY ELEMENTS (KOHA)
Source of classification or shelving scheme
Koha item type Book
Call number prefix 539,TIP
Holdings
Withdrawn status Lost status Source of classification or shelving scheme Damaged status Not for loan Permanent Location Current Location Shelving location Date acquired Full call number Barcode Date last seen Price effective from Koha item type Public note
          Military College of Signals (MCS) Military College of Signals (MCS) General Stacks 12/12/2016 539,TIP MCS6445 12/08/2016 12/12/2016 Book Almirah No.16, Shelf No.6
© 2023 Central Library, National University of Sciences and Technology. All Rights Reserved.